[Event "Splitsko Dalmatinske-ch"]
[Site "Split"]
[Date "2014.03.12"]
[Round "5"]
[White "Radomilja, Jure"]
[Black "Bocina, Darko"]
[Result "0-1"]
[WhiteElo "1997"]
[BlackElo "2086"]
[PlyCount "94"]
[EventDate "2014.03.08"]
[EventType "swiss"]
[EventRounds "9"]
[EventCountry "CRO"]
[SourceTitle "CBM 159 Extra"]
[Source "ChessBase"]
[SourceDate "2014.04.24"]
[SourceVersion "1"]
[SourceVersionDate "2014.04.24"]
[SourceQuality "1"]

1. e4 c5 2. Nf3 d6 3. d4 cxd4 4. Nxd4 Nf6 5. Nc3 a6 6. g3 e6 7. Bg2 Be7 8. 0-0 0-0 9. a4 Qc7 10. Be3 Nbd7 11. f4 Nb6 12. h3 Rd8 13. Ndb5 axb5 14. Nxb5 Qc6 15. Nd4 Qc7 16. Nb5 Qc6 17. Nd4 Qd7 18. b3 d5 19. Nb5 Ra6 20. Rf2 Na8 21. Rd2 Qe8 22. e5 Nd7 23. Bf1 Rc6 24. Kh2 Nc5 25. Rg2 Ne4 26. Nd4 Rc3 27. Bd3 Bd7 28. g4 g6 29. f5 Bc5 30. Qe1 exf5 31. e6 fxe6 32. Bxe4 Rxe3 33. Qxe3 dxe4 34. gxf5 exf5 35. c3 Qe5+ 36. Qg3 f4 37. Qg5 Qxg5 38. Rxg5 Bxd4 39. cxd4 Bf5 40. Rc1 Nc7 41. Re1 Ne6 42. Rgg1 Rxd4 43. Rd1 e3 44. Kg2 Bc2 45. Rxd4 Nxd4 46. b4 f3+ 47. Kg3 f2 0-1

[Event "Splitsko Dalmatinske-ch"]
[Site "Split"]
[Date "2014.03.11"]
[Round "4"]
[White "Matas, Mladen"]
[Black "Radomilja, Jure"]
[Result "0-1"]
[WhiteElo "1908"]
[BlackElo "1997"]
[PlyCount "130"]
[EventDate "2014.03.08"]
[EventType "swiss"]
[EventRounds "9"]
[EventCountry "CRO"]
[SourceTitle "CBM 159 Extra"]
[Source "ChessBase"]
[SourceDate "2014.04.24"]
[SourceVersion "1"]
[SourceVersionDate "2014.04.24"]
[SourceQuality "1"]

1. c4 Nf6 2. Nc3 g6 3. g3 c6 4. Bg2 Bg7 5. e3 0-0 6. h4 d5 7. cxd5 cxd5 8. Nge2 e6 9. d4 b6 10. e4 Bb7 11. e5 Nfd7 12. h5 Re8 13. Be3 a5 14. Qd2 Na6 15. Nb5 Bf8 16. hxg6 fxg6 17. a3 Nc7 18. Nbc3 b5 19. Nf4 b4 20. Nce2 Nb6 21. Qc2 Qd7 22. a4 b3 23. Qxb3 Bb4+ 24. Kf1 Bc6 25. Nc3 Bxc3 26. Qxc3 Bxa4 27. Nd3 Bb5 28. Kg1 Bxd3 29. Qxd3 Qb5 30. Qxb5 Nxb5 31. Bf1 Nc4 32. Bxc4 dxc4 33. Ra4 c3 34. b4 axb4 35. Rxb4 Ra1+ 36. Kg2 Rxh1 37. Kxh1 Nc7 38. Rc4 Nd5 39. Bh6 Kf7 40. Kg2 g5 41. Bxg5 Kg6 42. Bc1 Ra8 43. Rc6 Ra1 44. Be3 Kf5 45. Kf3 h5 46. Rc8 Ra2 47. Rf8+ Kg6 48. Ke4 Ra7 49. Rc8 Rh7 50. Rc6 Re7 51. Bc1 Kf7 52. Bg5 Rd7 53. f4 Rc7 54. Rxc7+ Nxc7 55. f5 Nd5 56. f6 Kg6 57. Bc1 Nb4 58. Bf4 Kf7 59. Ke3 Nd5+ 60. Kd3 Nxf4+ 61. gxf4 h4 62. f5 h3 63. fxe6+ Kxe6 64. d5+ Kf7 65. d6 Ke6 0-1

[Event "CRO-chT3 South"]
[Site "Dubrovnik"]
[Date "2013.10.26"]
[Round "7.1"]
[White "Bezmalinovic, Dario"]
[Black "Radomilja, Jure"]
[Result "0-1"]
[WhiteElo "2104"]
[BlackElo "1980"]
[PlyCount "94"]
[EventDate "2013.04.27"]
[EventType "team-tourn"]
[EventRounds "7"]
[EventCountry "CRO"]
[SourceTitle "EXT 2014"]
[Source "ChessBase"]
[SourceDate "2013.11.20"]
[SourceVersion "1"]
[SourceVersionDate "2013.11.20"]
[SourceQuality "1"]
[WhiteTeam "Jelsa"]
[BlackTeam "Stobrec"]
[WhiteTeamCountry "CRO"]
[BlackTeamCountry "CRO"]

1. e4 Nf6 2. e5 Nd5 3. d4 d6 4. Bc4 e6 5. Ne2 Nb6 6. Bd3 dxe5 7. dxe5 Nc6 8. Bf4 Nb4 9. 0-0 Nxd3 10. cxd3 Bd7 11. Nbc3 Bc6 12. Ng3 Nd5 13. Be3 Nxc3 14. bxc3 Qd5 15. f3 Qxe5 16. Qd2 Qa5 17. Ne4 0-0-0 18. a4 h6 19. Rfd1 f5 20. Ng3 g5 21. Ne2 e5 22. d4 Bg7 23. Qc2 g4 24. Qxf5+ Bd7 25. Qf7 gxf3 26. Qxf3 Rdf8 27. Qe4 Bf5 28. Qh4 Qa6 29. Ng3 Bd7 30. d5 Bf6 31. Qb4 Rfg8 32. Ne4 Qe2 33. Bf2 Rg4 34. Re1 Qf3 35. Bg3 Qd3 36. Qxb7+ Kxb7 37. Nc5+ Kc8 38. Nxd3 e4 39. Ne5 Rxg3 40. hxg3 Bxe5 41. Rxe4 Bxc3 42. Rc1 Bb2 43. Rf1 Ba3 44. Rf7 a5 45. Rf1 Bb4 46. Ra1 h5 47. Re5 Bc3 0-1

[Event "CRO-chT3 South"]
[Site "Dubrovnik"]
[Date "2013.10.12"]
[Round "5.1"]
[White "Kalinski, Krunoslav"]
[Black "Radomilja, Jure"]
[Result "1/2-1/2"]
[WhiteElo "2120"]
[BlackElo "1980"]
[PlyCount "54"]
[EventDate "2013.04.27"]
[EventType "team-tourn"]
[EventRounds "7"]
[EventCountry "CRO"]
[SourceTitle "EXT 2014"]
[Source "ChessBase"]
[SourceDate "2013.11.20"]
[SourceVersion "1"]
[SourceVersionDate "2013.11.20"]
[SourceQuality "1"]
[WhiteTeam "Split Brda II"]
[BlackTeam "Stobrec"]
[WhiteTeamCountry "CRO"]
[BlackTeamCountry "CRO"]

1. c4 Nf6 2. Nf3 c6 3. d4 d5 4. cxd5 cxd5 5. Nc3 Nc6 6. Bf4 Bf5 7. a3 e6 8. Qb3 a6 9. e3 b5 10. Nxb5 Qa5+ 11. Nc3 Bb4 12. Rc1 Bxc3+ 13. Qxc3 Ne4 14. Qxa5 Nxa5 15. Bxa6 0-0 16. Be2 Nb3 17. Rc6 Rfc8 18. Rxc8+ Rxc8 19. 0-0 Rc2 20. Bd1 Rxb2 21. Bxb3 Rxb3 22. Ra1 f6 23. Nh4 g5 24. Nxf5 gxf4 25. Ne7+ Kf7 26. Nc6 fxe3 27. fxe3 Kf8 1/2-1/2

[Event "CRO-chT3 South"]
[Site "Dubrovnik"]
[Date "2013.05.18"]
[Round "4.4"]
[White "Maruncic, Vlaho"]
[Black "Radomilja, Jure"]
[Result "1/2-1/2"]
[WhiteElo "2095"]
[BlackElo "1980"]
[PlyCount "30"]
[EventDate "2013.04.27"]
[EventType "team-tourn"]
[EventRounds "7"]
[EventCountry "CRO"]
[SourceTitle "EXT 2014"]
[Source "ChessBase"]
[SourceDate "2013.11.20"]
[SourceVersion "1"]
[SourceVersionDate "2013.11.20"]
[SourceQuality "1"]
[WhiteTeam "Dubrovnik II"]
[BlackTeam "Stobrec"]
[WhiteTeamCountry "CRO"]
[BlackTeamCountry "CRO"]

1. e4 c5 2. Nf3 d6 3. d4 cxd4 4. Nxd4 Nf6 5. Nc3 a6 6. g3 Nc6 7. Bg2 Bg4 8. f3 Bd7 9. Nxc6 Bxc6 10. Be3 e6 11. 0-0 Be7 12. Qd2 d5 13. e5 Nd7 14. f4 0-0 15. Qf2 Qa5 1/2-1/2

[Event "Split op 4th"]
[Site "Split"]
[Date "2010.05.02"]
[Round "3"]
[White "Radomilja, Jure"]
[Black "Armanda, Ivica"]
[Result "0-1"]
[WhiteElo "2037"]
[BlackElo "2356"]
[PlyCount "66"]
[EventDate "2010.04.30"]
[EventType "swiss"]
[EventRounds "9"]
[EventCountry "CRO"]
[SourceTitle "EXT 2011"]
[Source "ChessBase"]
[SourceDate "2010.11.26"]
[SourceVersion "1"]
[SourceVersionDate "2010.11.26"]
[SourceQuality "1"]

1. d4 Nf6 2. c4 g6 3. Nc3 Bg7 4. e4 d6 5. f4 0-0 6. Nf3 c5 7. d5 e6 8. Be2 exd5 9. cxd5 b5 10. e5 dxe5 11. fxe5 Ng4 12. Bf4 Nd7 13. e6 Nde5 14. Nxe5 Nxe5 15. exf7+ Nxf7 16. Nxb5 g5 17. Bc7 Qd7 18. d6 Bb7 19. 0-0 Ne5 20. Qb3+ Kh8 21. Nd4 cxd4 22. Qxb7 d3 23. Bf3 Rae8 24. Qd5 Rf5 25. Qb7 Ref8 26. Be4 Rf4 27. Rxf4 gxf4 28. Qd5 Qg4 29. Bf3 Qf5 30. Qe4 Nxf3+ 31. Qxf3 Re8 32. Kf1 d2 33. Rd1 Qb5+ 0-1

[Event "Split op 4th"]
[Site "Split"]
[Date "2010.04.30"]
[Round "1"]
[White "Radomilja, Jure"]
[Black "Krolo, Bozo"]
[Result "1-0"]
[WhiteElo "2037"]
[BlackElo "1484"]
[PlyCount "89"]
[EventDate "2010.04.30"]
[EventType "swiss"]
[EventRounds "9"]
[EventCountry "CRO"]
[SourceTitle "EXT 2011"]
[Source "ChessBase"]
[SourceDate "2010.11.26"]
[SourceVersion "1"]
[SourceVersionDate "2010.11.26"]
[SourceQuality "1"]

1. e4 e5 2. d4 exd4 3. Qxd4 Nc6 4. Qe3 Nf6 5. h3 d6 6. Nc3 Be7 7. Bd2 0-0 8. g4 Nb4 9. 0-0-0 a5 10. g5 Nd7 11. f4 Re8 12. h4 d5 13. e5 c5 14. Qg3 Qb6 15. Bg2 Nf8 16. Nxd5 Nxd5 17. Bxd5 Bf5 18. Qb3 Qxb3 19. cxb3 a4 20. Bxb7 axb3 21. a3 Ra7 22. Bf3 Ne6 23. Ne2 Nd4 24. Ng3 Bc2 25. Rdf1 g6 26. Bd1 Bd3 27. Re1 c4 28. Be3 Rd8 29. Ne2 Bc5 30. Bxd4 Bxd4 31. Nxd4 Rxd4 32. e6 Re7 33. exf7+ Rxf7 34. Re8+ Rf8 35. Rxf8+ Kxf8 36. Rh3 Rxf4 37. Rf3 Rf5 38. Kd2 Ke7 39. Rxf5 Bxf5 40. Be2 Be6 41. Kc3 Kd6 42. Bxc4 Ke5 43. Bxe6 Kxe6 44. a4 Kf5 45. a5 1-0

[Event "Split op 3rd"]
[Site "Split"]
[Date "2009.03.05"]
[Round "6"]
[White "Radomilja, Jure"]
[Black "Krnic, Ivan"]
[Result "1-0"]
[WhiteElo "2004"]
[BlackElo "2213"]
[PlyCount "130"]
[EventDate "2009.02.28"]
[EventType "swiss"]
[EventRounds "9"]
[EventCountry "CRO"]
[SourceTitle "CBM 129 Extra"]
[Source "ChessBase"]
[SourceDate "2009.05.05"]
[SourceVersion "2"]
[SourceVersionDate "2009.05.20"]
[SourceQuality "1"]

1. c4 Nf6 2. Nc3 g6 3. g3 Bg7 4. Bg2 0-0 5. Nf3 d6 6. 0-0 Nc6 7. d3 e5 8. Bg5 h6 9. Bxf6 Qxf6 10. Rb1 Bg4 11. b4 Qe6 12. Nd5 Rac8 13. b5 Ne7 14. h3 Bxf3 15. Nxe7+ Qxe7 16. Bxf3 c6 17. bxc6 bxc6 18. Qa4 Qd7 19. Bg2 Rfd8 20. Rb3 d5 21. Rfb1 Rc7 22. Qa6 Bf8 23. Rb7 Bc5 24. Rxc7 Qxc7 25. Qb7 Qd6 26. e3 Bb6 27. cxd5 cxd5 28. Rb5 Bc5 29. Kf1 Kg7 30. Qxd5 Qxd5 31. Bxd5 Rxd5 32. Ke2 f5 33. f3 f4 34. gxf4 exf4 35. d4 fxe3 36. dxc5 Rd2+ 37. Kxe3 Rxa2 38. Kd4 Kf7 39. Kd5 Rd2+ 40. Kc6 Ke6 41. Rb3 Re2 42. Kb7 a5 43. c6 a4 44. c7 axb3 45. c8Q+ Kf7 46. Qc4+ Re6 47. Qxb3 Kf6 48. Qc3+ Kf7 49. Kc7 Re7+ 50. Kd6 Re6+ 51. Kd5 Rf6 52. Qc7+ Kg8 53. Ke4 Rf7 54. Qc8+ Kg7 55. f4 h5 56. Qc3+ Kg8 57. Kf3 Rf5 58. Qc7 Rf7 59. Qc8+ Kg7 60. Kg3 Rf8 61. Qc3+ Kh7 62. Qd4 Rf7 63. Kh4 Rf5 64. Qd7+ Kh6 65. Qd4 Kh7 1-0

[Event "Split op 3rd"]
[Site "Split"]
[Date "2009.03.02"]
[Round "3"]
[White "Radomilja, Jure"]
[Black "Ivic, Mateo"]
[Result "1-0"]
[WhiteElo "2004"]
[BlackElo "2250"]
[PlyCount "73"]
[EventDate "2009.02.28"]
[EventType "swiss"]
[EventRounds "9"]
[EventCountry "CRO"]
[SourceTitle "CBM 129 Extra"]
[Source "ChessBase"]
[SourceDate "2009.05.05"]
[SourceVersion "2"]
[SourceVersionDate "2009.05.20"]
[SourceQuality "1"]

1. c4 Nf6 2. Nc3 g6 3. g3 Bg7 4. Bg2 0-0 5. Nf3 c5 6. 0-0 Nc6 7. d4 d6 8. dxc5 dxc5 9. Be3 Qa5 10. Qa4 Qxa4 11. Nxa4 b6 12. Rad1 Bb7 13. Ne5 Nxe5 14. Bxb7 Nxc4 15. Bxa8 Nxe3 16. fxe3 Rxa8 17. Nc3 Ng4 18. Rd7 Nxe3 19. Rf3 Nf5 20. e3 Kf8 21. g4 Ke8 22. Rd2 Bxc3 23. bxc3 Nd6 24. Rh3 Ne4 25. Rxh7 Nxd2 26. Rh8+ Kd7 27. Rxa8 a5 28. h4 Nf3+ 29. Kf2 Nxh4 30. Ra7+ Kd6 31. Rb7 g5 32. Rxb6+ Kd5 33. Ra6 Ng6 34. Rxa5 Ne5 35. Ra7 Nxg4+ 36. Ke2 Kc4 37. Ra4+ 1-0

[Event "Stobrec Epetium op"]
[Site "Stobrec"]
[Date "2007.08.23"]
[Round "5"]
[White "Radomilja, Jure"]
[Black "Susovic, Hrvoje"]
[Result "1-0"]
[WhiteElo "1962"]
[BlackElo "2027"]
[PlyCount "49"]
[EventDate "2007.08.18"]
[EventType "swiss"]
[EventRounds "7"]
[EventCountry "CRO"]
[SourceTitle "CBM 120 Extra"]
[Source "ChessBase"]
[SourceDate "2007.11.01"]
[SourceVersion "1"]
[SourceVersionDate "2007.11.01"]
[SourceQuality "1"]

1. e4 d6 2. d4 Nf6 3. Nc3 g6 4. f4 Bg7 5. Nf3 0-0 6. Bd3 Nc6 7. 0-0 Nd7 8. Ne2 Nb4 9. c3 Nxd3 10. Qxd3 c5 11. Be3 Qc7 12. Rad1 b5 13. f5 Qa5 14. fxg6 hxg6 15. Qd2 Qxa2 16. Bh6 Nf6 17. Bxg7 Kxg7 18. Ng3 Qe6 19. Ng5 Qg4 20. dxc5 dxc5 21. e5 Nh7 22. Nxh7 Kxh7 23. Rf4 Qd7 24. Rh4+ Kg8 25. Qh6 1-0

[Event "Stobrec Epetium op"]
[Site "Stobrec"]
[Date "2007.08.21"]
[Round "4"]
[White "Zelic, Mladen"]
[Black "Radomilja, Jure"]
[Result "1-0"]
[WhiteElo "2288"]
[BlackElo "1962"]
[PlyCount "65"]
[EventDate "2007.08.18"]
[EventType "swiss"]
[EventRounds "7"]
[EventCountry "CRO"]
[SourceTitle "CBM 120 Extra"]
[Source "ChessBase"]
[SourceDate "2007.11.01"]
[SourceVersion "1"]
[SourceVersionDate "2007.11.01"]
[SourceQuality "1"]

1. e4 Nf6 2. Nc3 d5 3. exd5 Nxd5 4. Bc4 c6 5. Qf3 Nf6 6. Nge2 Bg4 7. Qg3 Qd6 8. 0-0 Qxg3 9. Nxg3 h5 10. d4 h4 11. Nge4 Nxe4 12. Nxe4 Nd7 13. Re1 e6 14. Bf4 Nb6 15. Bb3 Nd5 16. Be5 0-0-0 17. c4 Nb4 18. h3 Bf5 19. Rad1 f6 20. Bh2 c5 21. a3 Nc6 22. dxc5 Nd4 23. Ba4 e5 24. b4 Be6 25. f4 Bxc4 26. fxe5 Ne2+ 27. Kf2 Ng3 28. Nd6+ Bxd6 29. exd6 a6 30. Bxg3 hxg3+ 31. Kxg3 Bb5 32. Bxb5 axb5 33. Re7 1-0

[Event "Stobrec Epetium op"]
[Site "Stobrec"]
[Date "2007.08.19"]
[Round "2"]
[White "Radomilja, Jure"]
[Black "Zelenika, Ivan"]
[Result "1-0"]
[WhiteElo "1962"]
[BlackElo "1679"]
[PlyCount "37"]
[EventDate "2007.08.18"]
[EventType "swiss"]
[EventRounds "7"]
[EventCountry "CRO"]
[SourceTitle "CBM 120 Extra"]
[Source "ChessBase"]
[SourceDate "2007.11.01"]
[SourceVersion "1"]
[SourceVersionDate "2007.11.01"]
[SourceQuality "1"]

1. e4 e5 2. d3 Bc5 3. f4 exf4 4. Bxf4 Qf6 5. Qc1 d6 6. Nf3 h6 7. c3 a6 8. d4 Bb6 9. Bd3 Bg4 10. 0-0 Qe7 11. e5 d5 12. e6 Bxe6 13. Re1 Nd7 14. Kh1 0-0-0 15. c4 Qf8 16. c5 Ba7 17. c6 g5 18. cxb7+ Kxb7 19. Qxc7+ 1-0

[Event "Stobrec Epetium op"]
[Site "Stobrec"]
[Date "2007.08.18"]
[Round "1"]
[White "Cokaric, Andjelko"]
[Black "Radomilja, Jure"]
[Result "1/2-1/2"]
[WhiteElo "1765"]
[BlackElo "1962"]
[PlyCount "97"]
[EventDate "2007.08.18"]
[EventType "swiss"]
[EventRounds "7"]
[EventCountry "CRO"]
[SourceTitle "CBM 120 Extra"]
[Source "ChessBase"]
[SourceDate "2007.11.01"]
[SourceVersion "1"]
[SourceVersionDate "2007.11.01"]
[SourceQuality "1"]

1. Nf3 d5 2. d4 Nf6 3. g3 Bg4 4. Bg2 Qc8 5. c4 c6 6. cxd5 cxd5 7. Nc3 e6 8. Bf4 Bxf3 9. Bxf3 Bb4 10. Rc1 Nc6 11. a3 Bxc3+ 12. Rxc3 Qd7 13. 0-0 0-0 14. b4 a6 15. Qd3 Ne4 16. Rc2 Nd6 17. Bxd6 Qxd6 18. Rfc1 f5 19. e3 Rf6 20. Bg2 Raf8 21. f4 Nd8 22. Rc5 h6 23. Rc7 R6f7 24. R7c5 Qe7 25. Qe2 Qf6 26. Kh1 g5 27. Qd1 g4 28. Qc2 h5 29. Rc7 h4 30. Rxf7 Rxf7 31. Qc8 hxg3 32. hxg3 Qe7 33. Kg1 Kg7 34. Qc3 Kf6 35. Kf2 Rh7 36. Rh1 Rxh1 37. Bxh1 Nf7 38. Bg2 Nd6 39. Qc5 Nc4 40. Qxe7+ Kxe7 41. a4 Nb2 42. b5 a5 43. Bf1 Nxa4 44. Ke1 Nc3 45. Bd3 Kd7 46. Kd2 Ne4+ 47. Bxe4 fxe4 48. Kc3 Kc7 49. Kb3 1/2-1/2

[Event "Solin op"]
[Site "Solin"]
[Date "2007.01.26"]
[Round "7"]
[White "Radomilja, Jure"]
[Black "Erceg, Slobodan"]
[Result "0-1"]
[WhiteElo "1985"]
[BlackElo "2080"]
[PlyCount "70"]
[EventDate "2007.01.20"]
[EventType "swiss"]
[EventRounds "9"]
[EventCountry "CRO"]
[SourceTitle "CBM 116 Extra"]
[Source "ChessBase"]
[SourceDate "2007.03.07"]
[SourceVersion "1"]
[SourceVersionDate "2007.03.07"]
[SourceQuality "1"]

1. d4 Nf6 2. Nf3 g6 3. c4 d5 4. g3 Bg7 5. Bg2 0-0 6. 0-0 Na6 7. b3 c5 8. e3 dxc4 9. bxc4 Qc7 10. Nbd2 Bf5 11. Ne5 Rfd8 12. Bb2 Nb4 13. a3 Nc6 14. Nxc6 bxc6 15. Qa4 Rac8 16. Bc3 Nd7 17. Rac1 Nb6 18. Qa5 cxd4 19. exd4 Bxd4 20. Bxd4 Rxd4 21. c5 Nd7 22. Qxc7 Rxc7 23. Nb3 Ra4 24. Rfd1 Ne5 25. Rd8+ Kg7 26. Nd4 Rxa3 27. Nxf5+ gxf5 28. Bf1 Ra2 29. h3 Rb7 30. Bg2 Rbb2 31. Rf1 Rc2 32. Rc8 Rxc5 33. Rc7 e6 34. f4 Nc4 35. Rxc6 Rxg2+ 0-1

[Event "Omis op"]
[Site "Omis"]
[Date "2005.10.15"]
[Round "8"]
[White "Saric, Branko"]
[Black "Radomilja, Jure"]
[Result "1-0"]
[WhiteElo "1903"]
[BlackElo "2106"]
[PlyCount "59"]
[EventDate "2005.10.10"]
[EventType "swiss"]
[EventRounds "9"]
[EventCountry "CRO"]
[SourceTitle "CBM 108 Extra"]
[Source "ChessBase"]
[SourceDate "2005.11.04"]
[SourceVersion "1"]
[SourceVersionDate "2005.11.04"]
[SourceQuality "1"]

1. d4 d5 2. c4 c6 3. Nc3 Nf6 4. Nf3 dxc4 5. a4 Na6 6. e4 Bg4 7. Be3 e6 8. Bxc4 Nb4 9. h3 Bxf3 10. gxf3 Be7 11. h4 h5 12. Bg5 Qa5 13. Qb3 0-0-0 14. 0-0-0 Rd7 15. Rd2 Rhd8 16. Rhd1 a6 17. Bf4 b5 18. Bf1 Rb7 19. Kb1 Nd7 20. axb5 axb5 21. d5 Ra7 22. Qa3 Qb6 23. Qb3 Nc5 24. Qxb4 Nd3 25. Qxe7 Rxe7 26. Bxd3 Qa5 27. dxc6 Rxd3 28. Rxd3 b4 29. Nb5 e5 30. Rd5 1-0